000 01180nam a2200229Ia 4500
003 Ost
005 20260507075514.0
008 260507s9999||||xx |||||||||||||| ||und||
020 _a9789957701116
040 _cfsecg
041 _aara
082 _a350.1
100 _aالظاهر، نعيم إبراهيم
_eمؤلف
245 0 _aتنمية الموارد البشرية /
_c نعيم إبراهيم الظاهر
260 _aعمان:
_bعالم الكتب الحديث,
_c2009
300 _a345 صفحة؛
_bإيضاحات ؛
_c25 سم
504 _aببليوغرافيا:ص ص.342-345
520 _aالمدخل إلى تنمية الموارد البشرية،تنمية الموارد البشرية وبناء استراتيجياتها المعاصرة،الإدارة الإستراتيجية للأفراد،تحليل العوامل والموارد البشرية،إدارة الرواتب والأجور والحوافز،استراتيجية تدريب وتنمية الموارد البشرية،قضايا ومشاكل معاصرة في إدارة الأفراد
653 _aإدارة الأفراد
653 _aتنمية
942 _cكتاب
999 _c44748
_d44748